000 00906nam a2200265 i 4500
001 17141
003 ES-MaACL
005 20240228213517.0
007 t|
008 001227s2000 sp ||||1| spa d
020 _a84-375-0494-5
080 _a929.52 Austria, Casa de (460)
080 _a946.0"1517/1700"
100 1 _aAlonso-Fernández, Francisco.
_920309
245 1 0 _aHistoria personal de los Austrias españoles /
_cFrancisco Alonso-Fernández.
250 _a1ª ed.
260 _aMéxico... [etc.] :
_bFondo de Cultura Económica de España,
_c2000.
300 _a286 p., [16] p. de lám. ;
_c21 cm.
490 1 _aSección de obras de historia
600 1 4 _aAustria, Casa de.
_923964
651 4 _aEspaña-
_xHistoria-
_y1516-1700, Casa de Austria
_98228
830 0 _aSección de obras de historia
_9179403
852 _aES-MaACL
_jL-23996
_bR.129210
999 _c17141
_d17141